NPB 日本プロ野球 シーズン60盗塁達成者 - Statistics

General Stats
  • This quiz has been taken 282 times
  • The average score is 5 of 18
Answer Stats
氏名 % Correct
1970, 1971, 1972, 1973, 1974, 1975, 1976, 1977, 1978, 1979 福本豊
97%
2003, 2004, 2005 赤星憲広
94%
2011 本多雄一
61%
1997 松井稼頭央
54%
1983, 1985 高橋慶彦
47%
1964 広瀬叔功
42%
1982, 1983 松本匡史
38%
1983 大石大二郎
33%
1967 柴田勲
29%
1954 鈴木武
12%
1950 木塚忠助
11%
1978 簑田浩二
8%
1950, 1952 金山次郎
6%
1953 ラリー・レインズ
6%
1956 河野旭輝
3%
1973 島野育夫
2%
1948 河西俊雄
1%
1950 宮崎剛
1%
No matching quizzes found
Score Distribution
Percent of People with Each Score
Percentile by Number Answered
Your Score History
You have not taken this quiz